5HLuxD.jpg

KING HENRY VIII SENIOR AND PRIMARY SCHOOL LIBRARY OPAC

Pina Bausch / (Record no. 2947)

000 -LEADER
fixed length control field 01768cam a2200325 i 4500
001 - CONTROL NUMBER
control field b20934105
003 - CONTROL NUMBER IDENTIFIER
control field OSt
005 - DATE AND TIME OF LATEST TRANSACTION
control field 20230913095117.0
008 - FIXED-LENGTH DATA ELEMENTS--GENERAL INFORMATION
fixed length control field 180308s2018 nyua b 001 0beng
010 ## - LIBRARY OF CONGRESS CONTROL NUMBER
LC control number 2018008071
020 ## - INTERNATIONAL STANDARD BOOK NUMBER
International Standard Book Number 9780815385592
Qualifying information Paperback
040 ## - CATALOGING SOURCE
Original cataloging agency PCCU
Language of cataloging eng
Transcribing agency PCCU
Modifying agency KH8
042 ## - AUTHENTICATION CODE
Authentication code nbic
082 0# - DEWEY DECIMAL CLASSIFICATION NUMBER
Classification number 792.820 CLI
100 1# - MAIN ENTRY--PERSONAL NAME
Personal name Climenhaga, Royd,
Dates associated with a name 1963-
Relator term author.
245 10 - TITLE STATEMENT
Title Pina Bausch /
Statement of responsibility, etc. Royd Climenhaga.
250 ## - EDITION STATEMENT
Edition statement Second edition.
260 ## - PUBLICATION, DISTRIBUTION, ETC.
Place of publication, distribution, etc. New York :
Name of publisher, distributor, etc. Routledge,
Date of publication, distribution, etc. [2018]
300 ## - PHYSICAL DESCRIPTION
Extent xi, 148 pages :
Other physical details illustrations (black and white), portraits (frontispiece, black and white) ;
Dimensions 20 cm.
336 ## - CONTENT TYPE
Content type term text
Content type code txt
Source rdacontent.
337 ## - MEDIA TYPE
Media type term unmediated
Media type code n
Source rdamedia.
338 ## - CARRIER TYPE
Carrier type term volume
Carrier type code nc
Source rdacarrier.
490 1# - SERIES STATEMENT
Series statement Routledge performance practitioners.
504 ## - BIBLIOGRAPHY, ETC. NOTE
Bibliography, etc. note Includes bibliographical references and index.
520 ## - SUMMARY, ETC.
Summary, etc. This newly-updated second edition explores Pina Bausch's work and methods by combining interviews, first-hand accounts, and practical exercises from her developmental process for students of both dance and theatre. This comprehensive overview of her work offers new and exciting insight into the theatrical approach of a singular performance practitioner. This is an essential introduction to the life and work of one of the most significant choreographers/directors of the twentieth and twenty-first centuries. As a first step towards critical understanding, and as an initial exploration before going on to further, primary research, Routledge Performance Practitioners offer unbeatable value for today's student.
610 20 - SUBJECT ADDED ENTRY--CORPORATE NAME
Corporate name or jurisdiction name as entry element Tanztheater (Wuppertal, Germany)
650 #0 - SUBJECT ADDED ENTRY--TOPICAL TERM
Topical term or geographic name entry element Choreographers
Geographic subdivision Germany
Form subdivision Biography.
830 #0 - SERIES ADDED ENTRY--UNIFORM TITLE
Uniform title Routledge performance practitioners.
942 ## - ADDED ENTRY ELEMENTS (KOHA)
Source of classification or shelving scheme
Koha item type Teaching Resources
Holdings
Withdrawn status Lost status Source of classification or shelving scheme Damaged status Not for loan Collection code Permanent Location Current Location Shelving location Date acquired Full call number Barcode Date last seen Price effective from Koha item type
          Teaching Resources KH8 Senior School Library KH8 Senior School Library Staff Office 2023-09-13 792.820 CLI TRKHSL003079 2023-09-13 2023-09-13 Teaching Resources

Powered By KH8 IT Dept